| 000 | 00343 a2200157 4500 | ||
|---|---|---|---|
| 001 | 56796 | ||
| 020 | _a8508030215 | ||
| 040 | _cAnchieta - Pituba | ||
| 100 | _aIacocca, Liliana | ||
| 240 | 1 | 0 |
_aPara Felipe e Roleman _lpor |
| 245 | 1 | 0 | _aPara Felipe e Roleman |
| 300 | _a111 | ||
| 362 | 0 | _a1999 | |
| 650 | 4 | _aLiteratura juvenil | |
| 942 | _cBK | ||
| 999 |
_c56796 _d56796 |
||